000 00898nam a2200265 i 4500
001 000032329
003 DO-SdBNP
005 20240910122053.0
007 ta
008 110714s1920 dr r 000 0 spa d
040 _aDO-SdBNP
_bspa
_cBNPHU
_erda
082 4 _a972.9375
_bR426a
_222
110 1 _aSanto Domingo. Ayuntamiento.
_935849
245 1 0 _aAyuntamiento de Santo Domingo : Memoria año 1920
264 _aSanto Domingo :
_bEditora El Progreso,
_c1920.
300 _a75 páginas ;
_c27 cm.
336 _atexto
_btxt
_2rdacontent
337 _asin mediación
_bn
_2rdamedia
338 _avolumen
_bnc
_2rdacarrier
500 _aA la cabeza del título : Ayuntamiento de Santo Domingo
590 _aInventariado, 2019/BT
610 1 4 _aRepública Dominicana.
_bAyuntamiento de Santo Domingo
_vMemorias e informes
_958339
910 _aValidado. Control de calidad MFF
942 _2ddc
_cLBS1
999 _c31820
_d31820